Las escuelas de artes y oficios en Colombia 1860-1960. (Registro nro. 248557)

Detalles MARC
000 -LEADER
fixed length control field 02356nam a2200505Ii 4500
001 - CONTROL NUMBER
control field DIGEPUJ0072
003 - CONTROL NUMBER IDENTIFIER
control field NyNyDIG
008 - FIXED-LENGTH DATA ELEMENTS--GENERAL INFORMATION
fixed length control field 170615s2015 ck a ob 000 0 spa d
006 - FIXED-LENGTH DATA ELEMENTS--ADDITIONAL MATERIAL CHARACTERISTICS
fixed length control field m o d
007 - PHYSICAL DESCRIPTION FIXED FIELD--GENERAL INFORMATION
fixed length control field cr |||||||||||
035 ## - SYSTEM CONTROL NUMBER
System control number (OCoLC)990164746
040 ## - CATALOGING SOURCE
Original cataloging agency DGITA
Language of cataloging eng
Description conventions rda
-- pn
Transcribing agency DGITA
020 ## - INTERNATIONAL STANDARD BOOK NUMBER
International Standard Book Number 9789587167788
Qualifying information (eBook ;
-- ePub)
020 ## - INTERNATIONAL STANDARD BOOK NUMBER
International Standard Book Number 9587167783
Qualifying information (eBook ;
-- ePub)
020 ## - INTERNATIONAL STANDARD BOOK NUMBER
Canceled/invalid ISBN 9789587166101
020 ## - INTERNATIONAL STANDARD BOOK NUMBER
Canceled/invalid ISBN 9587166108
043 ## - GEOGRAPHIC AREA CODE
Geographic area code s-ck---
050 14 - LIBRARY OF CONGRESS CALL NUMBER
Classification number TT166.C64 ebook
082 04 - DEWEY DECIMAL CLASSIFICATION NUMBER
Classification number 372.504409861
100 1# - MAIN ENTRY--PERSONAL NAME
Personal name Mayor Mora, Alberto,
Dates associated with a name 1945-
Relator term author.
245 14 - TITLE STATEMENT
Title Las escuelas de artes y oficios en Colombia 1860-1960.
Number of part/section of a work Vol. 1,
Name of part/section of a work El poder regenerador de la cruz /
Statement of responsibility, etc. investigador principal, Alberto Mayor Mora ; coinvestigadoras, Ana Cielo Quiñones Aguilar, Gloria Stella Barrera Jurado ; joven investigadora, Juliana Trejos Celis.
246 30 - VARYING FORM OF TITLE
Title proper/short title Poder regenerador de la cruz
250 ## - EDITION STATEMENT
Edition statement Primera edición.
264 #1 - PRODUCTION, PUBLICATION, DISTRIBUTION, MANUFACTURE, AND COPYRIGHT NOTICE
Place of production, publication, distribution, manufacture Bogotá, D.C., Colombia :
Name of producer, publisher, distributor, manufacturer Editorial Pontificia Universidad Javeriana,
Date of production, publication, distribution, manufacture, or copyright notice [2015]
300 ## - PHYSICAL DESCRIPTION
Extent 1 online resource.
336 ## - CONTENT TYPE
Content type term text
Content type code txt
Source rdacontent
337 ## - MEDIA TYPE
Media type term computer
Media type code c
Source rdamedia
338 ## - CARRIER TYPE
Carrier type term online resource
Carrier type code cr
Source rdacarrier
500 ## - GENERAL NOTE
General note "Pontificia Universidad Javeriana, Bogotá, Facultad de Arquitectura y Diseño, Departamento de Diseño."
504 ## - BIBLIOGRAPHY, ETC. NOTE
Bibliography, etc. note Includes bibliographical references.
588 0# - SOURCE OF DESCRIPTION NOTE
Source of description note Online resource; title from ePub title page (Digitalia, viewed June16, 2017)
650 #0 - SUBJECT ADDED ENTRY--TOPICAL TERM
Topical term or geographic name entry element Industrial arts
General subdivision Study and teaching
Geographic subdivision Colombia
General subdivision History.
650 #0 - SUBJECT ADDED ENTRY--TOPICAL TERM
Topical term or geographic name entry element Trade schools
Geographic subdivision Colombia
General subdivision History.
650 #0 - SUBJECT ADDED ENTRY--TOPICAL TERM
Topical term or geographic name entry element Art schools
Geographic subdivision Colombia
General subdivision History.
655 #0 - INDEX TERM--GENRE/FORM
Genre/form data or focus term Electronic books.
700 1# - ADDED ENTRY--PERSONAL NAME
Personal name Quiñones Aguilar, Ana Cielo,
Relator term author.
700 1# - ADDED ENTRY--PERSONAL NAME
Personal name Barrera Jurado, Gloria Stella,
Relator term author.
700 1# - ADDED ENTRY--PERSONAL NAME
Personal name Trejos Celis, Juliana,
Relator term author.
791 2# -
-- Digitalia (Firm),
-- distributor.
793 0# -
-- Digitalia eBook Collection:
-- Pontificia Universidad Javeriana.
776 08 - ADDITIONAL PHYSICAL FORM ENTRY
Relationship information Print version:
Main entry heading Mayor Mora, Alberto, 1945-
Title Escuelas de artes y oficios en Colombia 1860-1960. Vol. 1, El poder regenerador de la cruz
Edition Primera edición.
Place, publisher, and date of publication Bogotá, D.C., Colombia : Editorial Pontificia Universidad Javeriana, [2014]
International Standard Book Number 9789587166101
856 40 - ELECTRONIC LOCATION AND ACCESS
Materials specified Digitalia Hispánica
Uniform Resource Identifier <a href="https://www.digitaliapublishing.com/a/44292/">https://www.digitaliapublishing.com/a/44292/</a>
910 ## - USER-OPTION DATA (OCLC)
User-option data Premium collection: 2017
942 ## - ADDED ENTRY ELEMENTS (KOHA)
Koha item type Recurso Electrónico
Existencias
Withdrawn status Lost status Damaged status Not for loan Collection Home library Current library Date acquired Total checkouts Date last seen Price effective from Koha item type
        Digitalia Ebooks Hispanica Biblioteca Digital UIN Biblioteca Digital UIN 04/25/2025   04/25/2025 04/25/2025 Recurso Electrónico

CONTACTO


NOSOTROS


SITIOS DE INTERES

coordinacion.biblioteca.biblioteca@unienlinea.mx Misión, Visión y Objetivos Bases de datos
Directorio Bibliotecas Digitales y Repositorios
Normatividad Revistas y artículos
Convenios interbibliotecarios
Boletines



Hecho en México. Universidad Insurgentes (UIN). Todos los derechos reservados 2024. Esta página y sus contenidos pueden ser reproducidos con fines no lucrativos, siempre y cuando no se mutile, se cite la fuente completa y su dirección electrónicas. De otra forma requiere permiso previo por escrito de la institución




2024 Copyright Universidad Insurgentes | www.bibliouin.com.mx